000 00834na a2200265 4500
001 15005
003 MIRAKIL
005 20181213155021.0
008 160902b tu 000 0
020 _a9786056242045
035 _a15005
040 _aMilas
_btur
_cTR-AnCHP
082 _a927 Yükselen,N.
_bN29 2013
090 _a927 Yükselen,N. N29 2013
222 _aNazmi Yükselen
245 _aŞu MIRAKIL'ın içinde Nazmi Yükselen
_chazırlayan Halim Şafak Şanlıdağ
260 _a[y.y]
_bMIRAKIL Belediyesi
_c2013
_eAnkara
300 _a199 s.
_bfotg. , tbl.
_c23 sm.
490 _aMIRAKIL Belediyesi Kültür yayınları
_v20
504 _aKaynakça var.
600 _aYükselen, Nazmi
_d1926-2015
_xYaşamöyküsü
650 _aTürk müziği
_xAnılar
700 _aŞanlıdağ, Halim Şafak
942 _2dcc
_cBKS
999 _c4909
_d4909